Movies Quiz

Random Movies or Box Office Quiz

Highest Grossing PG-13 Movies by Picture Quiz Stats

Quiz Updated Aug 1, 2017

Challenge
Share
Tweet
Score 0/25 Timer 05:00
3 Plays Today
% Correct
Avatar (2009), $760,507,625
99.2%
Titanic (1997), $658,672,302
98.8%
Jurassic Park (1993), $402,453,882
94.3%
Spider-Man (2002), $403,706,375
94.1%
The Dark Knight (2008), $534,858,444
93.9%
Marvel's The Avengers (2012), $623,357,810
93.1%
The Hunger Games (2012), $408,010,692
92.7%
Wonder Woman (2017), $395,674,792
89.4%
Spider-Man 2 (2004), $373,585,825
88.3%
Captain America: Civil War (2016), $406,939,223
88%
Hunger Games: Catching Fire (2013), $424,357,871
84.2%
Star Wars: The Force Awakens (2015), $936,662,225
82.3%
Furious 7 (2015), $353,007,020
82%
% Correct
Iron Man 3 (2013), $409,013,994
81.5%
The Dark Knight Rises (2012), $448,139,099
79.8%
Tranformers: Revenge of the Fallen (2009), $402,111,870
79.7%
Transformers: Dark of the Moon (2011), $352,390,543
79.4%
Guardians of the Galaxy Vol. 2 (2017), $387,805,844
77%
Jurassic World (2015), $652,270,625
75.4%
Pirates of the Caribbean: Dead Man's Chest (2006), $423,315,812
75%
Rogue One: A Star Wars Story (2016), $$439,714,705
70.9%
Avengers: Age of Ultron (2015), $459,005,868
68%
Star Wars: Episode III- Revenge of the Sith (2005), $380,270,577
67%
Harry Potter and the Deathly Hallows Part 2 (2011), $381,011,219
59.8%
The Lord of the Rings: Return of the King (2003), $377,845,905
54.6%

You're not logged in!

Compare scores with friends on all Sporcle quizzes.
Sign Up with Email
OR
Log In

You Might Also Like...

Show Comments

Extras

Top Quizzes Today


Score Distribution

Your Account Isn't Verified!

In order to create a playlist on Sporcle, you need to verify the email address you used during registration. Go to your Sporcle Settings to finish the process.